书目信息 |
| 题名: |
站在巨人的肩膀上
|
|
| 作者: | 周洪林 编著 | |
| 分册: | ||
| 出版信息: | 上海 复旦大学出版社 2001 |
|
| 页数: | 567页 | |
| 开本: | 20cm | |
| 丛书名: | ||
| 单 册: | ||
| 中图分类: | G305 | |
| 科图分类: | ||
| 主题词: | 创造学--研究 | |
| 电子资源: | ||
| ISBN: | 7-309-02794-9 | |
| 000 | 00655nam0 2200205 45 | |
| 001 | 0309171616 | |
| 005 | 20031219104115.1 | |
| 010 | @a7-309-02794-9@dCNY28.00 | |
| 100 | @a20030917d2001 km y0chiy0120 ea | |
| 101 | 0 | @achi |
| 105 | @aah z 000yy | |
| 200 | 1 | @a站在巨人的肩膀上@AZhan Zai Ju Ren De Jian Bang Shang@e名家论创新@EMing Jia Lun Chuang Xin@f周洪林编著@FZhou Hong Lin Bian Zhu |
| 210 | @a上海@c复旦大学出版社@d2001 | |
| 215 | @a567页@c照片,摹真@d20cm | |
| 517 | @a名家论创新@AMing Jia Lun Chuang Xin | |
| 606 | 0 | @a创造学@x研究 |
| 690 | @aG305@v4 | |
| 701 | 0 | @a周洪林@4编著 |
| 801 | @aCN@bTSTC@c20030917 | |
| 905 | @b325670-674@dG305@e105@f5 | |
| 站在巨人的肩膀上:名家论创新/周洪林编著.-上海:复旦大学出版社,2001 |
| 567页:照片,摹真;20cm |
| ISBN 7-309-02794-9:CNY28.00 |
| ● |
| 相关链接 |
|
|
|
|
正题名:站在巨人的肩膀上
索取号:G305/105
 
预约/预借
| 序号 | 登录号 | 条形码 | 馆藏地/架位号 | 状态 | 备注 |
| 1 | 0325670 | 203256706 | 第四借阅区/ [索取号:G305/105] | 在馆 | |
| 2 | 0325671 | 203256715 | 第四借阅区/ [索取号:G305/105] | 在馆 | |
| 3 | 0325672 | 203256724 | 第四借阅区/ [索取号:G305/105] | 在馆 | |
| 4 | 0325673 | 203256733 | 第四借阅区/ [索取号:G305/105] | 在馆 | |
| 5 | 0325674 | 203256742 | 第一样本阅览室/ [索取号:G305/105] | 在馆 |